| 000 | 00355nam a2200145Ia 4500 | ||
|---|---|---|---|
| 008 | 211109s9999||||xx |||||||||||||| ||und|| | ||
| 082 |
_a571.6 _bSWA-C |
||
| 100 | _aSwanson, Carl P | ||
| 245 | 0 | _aCytology and Cytogenetics | |
| 260 |
_bMcmillan _aLondon _c1957 |
||
| 300 | _a596p. | ||
| 630 | _xGeneral Stack | ||
| 650 |
_aScience _xBotany |
||
| 942 | _cBOOK | ||
| 999 |
_c21728 _d21728 |
||